Największe Kraje w Których Niema McDonalda - Statystyki

Ogólne statystyki
  • Ten quiz został rozwiązany 29 razy
  • Średni wynik to 10 z 22
Statystyki odpowiedzi
liczba
Mieszkańców
Kraj % Poprawnych
145 m Rosja
80%
211 mil Nigeria
76%
118 m Etiopia
68%
85.5 m Iran
64%
47.6 m Kenia
64%
25.7 m Korea Północna
60%
44.5 m Sudan
60%
92.4 m Demokratyczna Republika Konga
56%
32.9 m Afganistan
52%
172 m Bangladesz
52%
32.1 m Angola
44%
59.4 m Tanzania
44%
45.4 m Algieria
36%
30.5 m Jemen
36%
30.8 m Mozambik
36%
42.9 m Uganda
36%
55.3 m Mjanma
32%
27.1 m Wybrzeże Kości Słoniowej
28%
30.8 m Ghana
24%
26.9 m Madagaskar
24%
29.2 m Nepal
24%
35.6 m Uzbekistan
20%
Nie znaleziono quizów pasujących do podanych kryteriów
Rozkład punktacji
Procent ludzi z każdym wynikiem
Percentyl według liczby udzielonych odpowiedzi
Twoja historia wyników
Nie rozwiązałeś tego quizu